<?xml version="1.0" encoding="UTF-8"?>
<collection xmlns="http://www.loc.gov/MARC21/slim">
 <record>
  <leader>00873nam a22001931  4500</leader>
  <controlfield tag="001">1/12742</controlfield>
  <controlfield tag="008">980505s1944    enk           000 0 eng d</controlfield>
  <datafield tag="035" ind1=" " ind2=" ">
   <subfield code="l">13185</subfield>
  </datafield>
  <datafield tag="040" ind1=" " ind2=" ">
   <subfield code="a">DLC</subfield>
   <subfield code="b">GR-PeUP</subfield>
  </datafield>
  <datafield tag="082" ind1="0" ind2="0">
   <subfield code="a">940.542 PI</subfield>
  </datafield>
  <datafield tag="245" ind1="1" ind2="0">
   <subfield code="a">Pictorial history of the second world war:</subfield>
   <subfield code="b">a photographic recordof all theaters of action chronologically arranced.</subfield>
  </datafield>
  <datafield tag="260" ind1=" " ind2=" ">
   <subfield code="a">New York:</subfield>
   <subfield code="b">WM. H. Wise and CO. Inc.,</subfield>
   <subfield code="c">1944.</subfield>
  </datafield>
  <datafield tag="300" ind1=" " ind2=" ">
   <subfield code="a">4 v.;</subfield>
   <subfield code="c">24 cm.</subfield>
  </datafield>
  <datafield tag="650" ind1=" " ind2="4">
   <subfield code="a">Pictorial History.</subfield>
  </datafield>
  <datafield tag="650" ind1=" " ind2="4">
   <subfield code="a">Second World War.</subfield>
  </datafield>
  <datafield tag="852" ind1=" " ind2=" ">
   <subfield code="a">INST</subfield>
   <subfield code="b">UNIPILB</subfield>
   <subfield code="c">MAIN</subfield>
   <subfield code="e">20040709</subfield>
   <subfield code="h">940.542 PI</subfield>
   <subfield code="p">00128767</subfield>
   <subfield code="q">00128767</subfield>
   <subfield code="t">LOAN</subfield>
   <subfield code="v">v.1:</subfield>
   <subfield code="y">0</subfield>
   <subfield code="z">v.1</subfield>
   <subfield code="4">1</subfield>
  </datafield>
  <datafield tag="852" ind1=" " ind2=" ">
   <subfield code="a">INST</subfield>
   <subfield code="b">UNIPILB</subfield>
   <subfield code="c">MAIN</subfield>
   <subfield code="e">20040709</subfield>
   <subfield code="h">940.542 PI</subfield>
   <subfield code="p">00128768</subfield>
   <subfield code="q">00128768</subfield>
   <subfield code="t">LOAN</subfield>
   <subfield code="v">v.2:</subfield>
   <subfield code="y">0</subfield>
   <subfield code="z">v.2</subfield>
   <subfield code="4">1</subfield>
  </datafield>
  <datafield tag="852" ind1=" " ind2=" ">
   <subfield code="a">INST</subfield>
   <subfield code="b">UNIPILB</subfield>
   <subfield code="c">MAIN</subfield>
   <subfield code="e">20040709</subfield>
   <subfield code="h">940.542 PI</subfield>
   <subfield code="p">00128769</subfield>
   <subfield code="q">00128769</subfield>
   <subfield code="t">LOAN</subfield>
   <subfield code="v">v.3:</subfield>
   <subfield code="y">0</subfield>
   <subfield code="z">v.3</subfield>
   <subfield code="4">1</subfield>
  </datafield>
  <datafield tag="852" ind1=" " ind2=" ">
   <subfield code="a">INST</subfield>
   <subfield code="b">UNIPILB</subfield>
   <subfield code="c">MAIN</subfield>
   <subfield code="e">20040709</subfield>
   <subfield code="h">940.542 PI</subfield>
   <subfield code="p">00128770</subfield>
   <subfield code="q">00128770</subfield>
   <subfield code="t">LOAN</subfield>
   <subfield code="v">v.4:</subfield>
   <subfield code="y">0</subfield>
   <subfield code="z">v.4</subfield>
   <subfield code="4">1</subfield>
  </datafield>
 </record>
</collection>
